| 000 | 00383 a2200145 4500 | ||
|---|---|---|---|
| 001 | 66059 | ||
| 082 | _a515.626KRI | ||
| 090 |
_c38395 _d38395 |
||
| 100 | _aKrishnamoorthuy, C. S. | ||
| 245 | _aFinite Element Analysis:Theory and Programming | ||
| 250 | _a2 | ||
| 260 |
_aNew Delhi _bTata McGraw Hill _c1997 |
||
| 300 |
_axvi, 710 p _bphotocopy |
||
| 500 | _aBE textbook Aerospace | ||
| 942 |
_aNUST-CAE _k515.626KRI |
||
| 999 |
_c301132 _d301132 |
||